Structural change (Record no. 70392)

MARC details
000 -LEADER
fixed length control field 01247cam a2200229 4500
001 - CONTROL NUMBER
control field ABS65522
008 - FIXED-LENGTH DATA ELEMENTS--GENERAL INFORMATION
fixed length control field 020529n2002 000 0 eng u
035 ## - SYSTEM CONTROL NUMBER
System control number (Sirsi) u118216
100 ## - MAIN ENTRY--PERSONAL NAME
Personal name Marshall, D.
245 ## - TITLE STATEMENT
Title Structural change
260 ## - PUBLICATION, DISTRIBUTION, ETC.
Date of publication, distribution, etc. 2002
490 ## - SERIES STATEMENT
Series statement Housing Today
Volume/sequential designation 16 May 2002, 19(1)
520 ## - SUMMARY, ETC.
Summary, etc. Presents a four-step programme to help RSLs cope with the task of rent restructuring. Government policy aims to minimise the differences in rents between similar properties in the same localities but with different landlords, as well as those between similar properties in different locations. Gives an overview of rent and affordability policies among associations prior to restructuring and then sets out practical approaches to measure the affordability of rents which will assist in conforming to government's restructuring. Approach taken from "Getting rents right? Guide to local rents: parts I and II", priced £10 and available from the Housing Corporation on 020 7393 2228.
590 ## - LOCAL NOTE (RLIN)
Local note ABS
650 ## - SUBJECT ADDED ENTRY--TOPICAL TERM
Topical term or geographic name entry element REGISTERED SOCIAL LANDLORDS
650 ## - SUBJECT ADDED ENTRY--TOPICAL TERM
Topical term or geographic name entry element RENT RESTRUCTURING
650 ## - SUBJECT ADDED ENTRY--TOPICAL TERM
Topical term or geographic name entry element AFFORDABILITY
650 ## - SUBJECT ADDED ENTRY--TOPICAL TERM
Topical term or geographic name entry element HOUSING NEEDS
650 ## - SUBJECT ADDED ENTRY--TOPICAL TERM
Topical term or geographic name entry element GOVERNMENT POLICY
690 ## - LOCAL SUBJECT ADDED ENTRY--TOPICAL TERM (OCLC, RLIN)
Topical term or geographic name as entry element Affordable housing
9 (RLIN) 6215
942 ## - ADDED ENTRY ELEMENTS (KOHA)
Suppress in OPAC 0
Holdings
Withdrawn status Lost status Source of classification or shelving scheme Damaged status Not for loan Home library Current library Shelving location Date acquired Total Checkouts Full call number Barcode Date last seen Copy number Price effective from Koha item type
    Dewey Decimal Classification     London London Journal article 29/05/2002   ABS65522 118216-1001 06/08/2019 1 06/08/2019 Journal article